Murder in the Mews and three other Poirot cases
| Main Author: | |
|---|---|
| Format: | Book |
| Published: |
United Kingdom :
Collins ,
1989
|
| Subjects: |
MARC
| LEADER | 00000cam a2200000 7i4500 | ||
|---|---|---|---|
| 001 | 0000009035 | ||
| 002 | 000009845 | ||
| 005 | 20040722.0 | ||
| 020 | |a 0006167144 | ||
| 090 | 0 | 0 | |a F |b CHR |
| 100 | 1 | |a Christie, Agatha | |
| 245 | 1 | 0 | |a Murder in the Mews and three other Poirot cases |c Agatha Christie |
| 260 | |a United Kingdom : |b Collins , |c 1989 | ||
| 300 | |a 222p. : |b ill. ; |c 18cm. | ||
| 650 | 0 | 0 | |a Detective and mystery stories |
| 999 | |a 017877 |b BUKU |c PINJAMAN |e PERPUSTAKAAN KOMUNITI PETALING JAYA | ||